000
00244nam a22001097a 4500
008
170112b xxu||||| |||| 00| 0 eng d
020
_a
0801630576
041
_a
eng
080
_a
618.2
245
_a
EMERGENCY MEDICINE
_c
ROSEN, P
942
_2
udc
_c
BK
999
_c
2788
_d
2788